| 000 | 00000nam##2200000za#4500 |
| 001 | 9.689810 |
| 003 | CaOODSP |
| 005 | 20210624232050 |
| 007 | cr ||||||||||| |
| 008 | 150407|2007||||xxc|||||o f|0| 0 eng|d |
| 020 | |a978-0-662-46048-0 |
| 040 | |aCaOODSP|beng |
| 043 | |an-cn--- |
| 086 | 1 |aCH41-18/2007E-PDF |
| 110 | 1 |aCanada. |bCanadian Heritage. |
| 245 | 10|aSupport for business development for magazine publishers - Canada Magazine Fund : |h[electronic resource]|bapplicant's guide 2007-2008 / |c[by] Periodical Publishing Policy and Programs. |
| 260 | |aOttawa - Ontario : |bCanadian Heritage |cc2007. |
| 300 | |a26p.|btables |
| 500 | |aThe catalogue number (CH41-18/2007E) and ISBN (978-0-662-46049-7) for the print edition have been copied in this electronic publication. |
| 590 | |a14-17-Supp|b2014-10-09 |
| 690 | 07|aPeriodicals|2gcpds |
| 775 | 08|tAide à l'expansion des maisons d'édition de magazines - Fonds du Canada pour les magazines : |w(CaOODSP)9.634207 |
| 856 | 40|ahttp://publications.gc.ca|qPDF|s1023 KB|uhttps://publications.gc.ca/collections/collection_2014/pc-ch/CH41-18-2007-eng.pdf |